000 00626nam a22002057a 4500
003 DO-SdBNP
005 20220520095446.0
007 ta
008 220520b2008 dr a|||| |||| 00| 0 esp d
040 _aDO-SdBNP
_bspa
_cBNPHU
082 4 _222
245 0 0 _aPor el rescate de los valores patrios /
_ccoordinación general Carmen Rosa Hernández, Flabis Sánchez
250 _a3a ed.
260 _aSanto Domingo :
_bAzteca,
_c2008.
300 _a45 p. :
_bil. ;
_c22 cm.
590 _aInventariado, 2022/BT
700 1 _aHernández, Carmen Rosa,
_ecoord.
_98569
700 1 _aSánchez, Flabis,
_ecoord.
_973550
942 _2ddc
_cLBS1
999 _c51775
_d51775